00489nam a2200193 a 4500001001300000003000900013005001700022008004100039020000900080082001500089100002200104245002200126260003400148300000900182500003500191505002600226650002100252700002200273nice12345678IN_TiNIC20260116014243.0050524s2001 dela grp 000 0 urd  ac7500a297.1bANW aAnwar, Mohd Imdad aIsraar-E-Kaainaat aDelhibEteqad Pub.Housec2001 a294p aincludes index and biblioraphy2 aIndex, Quranic Verses aIslam and Reason1 aAnwar, Mohd Imdad